| 000 | 02557cam a2200565 i 4500 | ||
|---|---|---|---|
| 001 | xx004997251 | ||
| 003 | NUKAT | ||
| 005 | 20260429111059.0 | ||
| 008 | 201116s2020 pl a |001 0bpol c | ||
| 020 |
_a9788380982048 _q(oprawa twarda) : _czł 69,00 |
||
| 035 | _a(OCoLC)1225234931 | ||
| 035 | _a(NUKAT)xx004997251 | ||
| 040 |
_aKAT U/JP _bpol _erda _cKAT U/JPs _dKAT U/JP _dWR O/KBs _dWA 14/ABs _dOLSZT 008/bak |
||
| 041 | 1 |
_apol _beng _hpol |
|
| 045 | 2 |
_bd1885 _bd1947 |
|
| 046 | _k2020 | ||
| 100 | 1 |
_aMoskała, Katarzyna. _eAutor _940842 |
|
| 245 | 1 | 0 |
_aWładysław Raczkiewicz 1885-1947 : _bprezydent RP na uchodźstwie : biografia fotograficzna / _cKatarzyna Moskała, Mirosław A. Supruniuk ; tłumaczenie streszczenia: Wojciech Kallas ; Instytut Pamięci Narodowej - Komisja Ścigania Zbrodni Przeciwko Narodowi Polskiemu, Województwo Kujawsko-Pomorskie. |
| 260 |
_aWarszawa : _bInstytut Pamięci Narodowej - Komisja Ścigania Zbrodni Przeciwko Narodowi Polskiemu : _bWojewództwo Kujawsko-Pomorskie, _c2020. |
||
| 300 |
_a478, [1] strona : _bilustracje ; _c30 cm. |
||
| 336 |
_aTekst _btxt _2rdacontent |
||
| 336 |
_aObraz _bsti _2rdacontent |
||
| 337 |
_aBez urządzenia pośredniczącego _bn _2rdamedia |
||
| 338 |
_aWolumin _bnc _2rdacarrier |
||
| 380 | _aAlbumy i książki artystyczne | ||
| 380 | _aKsiążki | ||
| 380 | _aPublikacje popularnonaukowe | ||
| 388 | 1 | _a2001- | |
| 490 | 1 | _aCentralny Projekt Badawczy IPN Polska Emigracja Niepodległościowa 1945-1990 | |
| 504 | _aBibliografia na stronach 72-73. Indeks. | ||
| 546 | _aStreszczenie angielskie. | ||
| 600 | 1 | 7 |
_aRaczkiewicz, Władysław _d(1885-1947) _2DBN _940845 |
| 600 | 1 | 7 |
_aRaczkiewicz, Władysław _d(1885-1947) _vbiografie. _2kaba _940846 |
| 600 | 1 | 7 |
_aRaczkiewicz, Władysław _d(1885-1947) _vfotografie. _2kaba _940847 |
| 648 | 7 |
_a1801-1900 _2DBN _936037 |
|
| 648 | 7 |
_a1901-2000 _2DBN _934996 |
|
| 650 | 7 |
_aEmigracja polityczna _2DBN _937405 |
|
| 650 | 7 |
_aPolitycy _2DBN _936070 |
|
| 650 | 7 |
_aPrezydenci _2DBN _939664 |
|
| 651 | 7 |
_aPolska _2DBN _935076 |
|
| 655 | 7 |
_aAlbum _2DBN _935390 |
|
| 655 | 7 |
_aBiografia _2DBN _935059 |
|
| 658 | _aHistoria | ||
| 700 | 1 |
_aKallas, Wojciech. _eTłumaczenie _940843 |
|
| 700 | 1 |
_aSupruniuk, Mirosław Adam _d(1962- ). _eAutor _940844 |
|
| 710 | 2 |
_aInstytut Pamięci Narodowej - Komisja Ścigania Zbrodni przeciwko Narodowi Polskiemu. _eInstytucja sprawcza _eWydawca _4pbl _911792 |
|
| 830 | 0 |
_aPolska Emigracja Niepodległościowa 1945-1990 _939546 |
|
| 920 | _a978-83-8098-204-8 (oprawa twarda) : zł 69,00 | ||
| 942 |
_2ddc _cBK_NM |
||
| 999 |
_c27860 _d27860 |
||